[Event "Kuala Lumpur"]
[Site "Kuala Lumpur"]
[Date "1994.??.??"]
[Round "8"]
[White "Gufeld, Eduard"]
[Black "Gaprindashvili, Nona"]
[Result "0-1"]
[WhiteElo "2475"]
[BlackElo "2365"]

1.e4 b6 2.d4 Bb7 3.Bd3 g6 4.Nf3 Bg7 5.O-O e6 6.c4 Ne7 7.Nc3 O-O 8.Re1 d6
9.Be3 Nd7 10.Qd2 e5 11.Bh6 c5 12.d5 Kh8 13.Bxg7+ Kxg7 14.Nb5 Qb8 15.a3 Ng8
16.b4 Ngf6 17.Rab1 Ba6 18.g3 Rc8 19.Rbc1 Bxb5 20.cxb5 Rc7 21.Rc2 Qd8 22.Rec1 Rac8
23.Qd1 c4 24.Rxc4 Rxc4 25.Rxc4 Rxc4 26.Bxc4 Nxe4 27.Qc2 Nef6 28.Bb3 e4 29.Nd4 Ne5
30.Kg2 Qd7 31.Qe2 Qc8 32.Nc6 Nf3 33.Qe3 Qf5 34.Qf4 Qh5 35.h4 Ne1+ 36.Kf1 Nd3
37.Qe3 Qf5 38.Kg2 Ng4 39.Qd4+ Kh6 40.Bd1 Ngxf2 41.Qe3+ Kg7 42.Qd4+ f6  0-1

[Event "Kuala Lumpur"]
[Site "Kuala Lumpur"]
[Date "1994.??.??"]
[Round "10"]
[White "Torre, Eugenio"]
[Black "Gaprindashvili, Nona"]
[Result "1-0"]
[WhiteElo "2520"]
[BlackElo "2365"]

1.e4 b6 2.d4 Bb7 3.Bd3 e6 4.Nf3 g6 5.Bg5 Qc8 6.c4 Bg7 7.Nc3 d6 8.O-O Nd7
9.Bc2 Ngf6 10.Re1 h6 11.Bh4 Nh5 12.e5 g5 13.Bg3 Nxg3 14.hxg3 dxe5 15.d5 O-O
16.dxe6 fxe6 17.Qd3 Rf5 18.Rad1 Bc6 19.Qe2 Rf7 20.Bg6 Re7 21.Be4 Qb7 22.b4 Rf8
23.b5 Bxe4 24.Nxe4 Rf5 25.Nfd2 Rf8 26.Nb3 a6 27.a4 axb5 28.axb5 Ref7 29.Nbd2 Ra8
30.Ra1 Bf8 31.Nb3 Rxa1 32.Rxa1 c6 33.Rd1 Qc7 34.Qd3 Qc8 35.Ra1 cxb5 36.cxb5 Qb7
37.Rd1 Qa8 38.Qc4 Kg7 39.g4 Qa3 40.Qxe6 Qe7 41.Qc6 Nf6 42.Nd6 Kg8 43.Qc4 Qxd6
44.Rxd6 Bxd6 45.Qe6 Bc7 46.Nd2 Kg7 47.Nc4 Rd7 48.g3 e4 49.Nxb6 Rd1+ 50.Kg2 e3
51.Qxe3 Bd8 52.Nc4 Nd5 53.Qe6  1-0

[Event "Wch Seniors"]
[Site "Bad Liebenzell"]
[Date "1995.??.??"]
[Round "3"]
[White "Khmiadashvili, Tamari"]
[Black "Gaprindashvili, Nona"]
[Result "0-1"]
[WhiteElo "2180"]
[BlackElo "2390"]

1.d4 g6 2.e3 Bg7 3.f4 d6 4.Nf3 Nd7 5.Bc4 Ngf6 6.Bxf7+ Kxf7 7.Ng5+ Kg8 8.Ne6 Qe8
9.Nxc7 Qd8 10.Nxa8 Nf8 11.Qd3 Be6 12.e4 Qxa8 13.d5 Bf7 14.c4 b5 15.cxb5 e6
16.O-O exd5 17.exd5 Bxd5 18.Nc3 Bxg2 19.Rf2 Bb7 20.h3 Qc8 21.f5 gxf5 22.Qxf5 Qxf5
23.Rxf5 Kf7 24.Be3 Rg8 25.Kf2 Ng6 26.Ke2 Re8 27.Kd2 Nh4 28.Rf2 Nf3+ 29.Kd3 a6
30.a4 Nd7 31.Ba7 Bf6 32.bxa6 Bxa6+ 33.Kc2 Nde5 34.Rd1 Ke6 35.Nb5 Rc8+ 36.Kb3 Be7
37.Rc2 Nc6 38.Bb6 Kd7 39.Rc3 Nfe5 40.Rdc1 Rb8 41.Be3 Bxb5 42.axb5 Rxb5+ 43.Ka2 Nb4+
44.Kb1 Nd5 45.Rc8 Nxe3 46.Rh8 Nd3  0-1

[Event "JUG-chT (Women)"]
[Site "Tivat"]
[Date "1995.??.??"]
[Round "2"]
[White "Tomasevic, Tanja"]
[Black "Gaprindashvili, Nona"]
[Result "0-1"]
[WhiteElo "2140"]
[BlackElo "2390"]

1.d4 g6 2.c4 Bg7 3.Nc3 d6 4.e4 Nd7 5.Nf3 e5 6.Be2 c6 7.O-O f6 8.d5 c5 9.Nb5 Nb6
10.b4 a6 11.bxc5 dxc5 12.Nc3 Nh6 13.Be3 Bf8 14.Ne1 Nf7 15.a4 Be7 16.a5 Nd7
17.Nd3 Qc7 18.Bg4 Nd6 19.Qa4 O-O 20.Be6+ Kg7 21.Qb3 b5 22.axb6 Nxb6 23.Bxc8 Ndxc4
24.Bxa6 Nxe3 25.Nb5 Qd7 26.fxe3 c4 27.Nxe5 fxe5 28.Qb2 Rxf1+ 29.Rxf1 Rxa6
30.Qxe5+ Kg8 31.d6 Bf8 32.Nc7 Bxd6 33.Ne6 Ra8 34.Qf6 Re8 35.Nf4 Qe7 36.Qd4 Bc5
37.Qb2 Qxe4 38.Kh1 Qxe3  0-1

[Event "JUG-chT (Women)"]
[Site "Tivat"]
[Date "1995.??.??"]
[Round "3"]
[White "Gaprindashvili, Nona"]
[Black "Trosic, Galina"]
[Result "1-0"]
[WhiteElo "2390"]
[BlackElo "2060"]

1.g3 d6 2.Bg2 Nf6 3.d4 Nbd7 4.e4 e5 5.Ne2 Be7 6.O-O c6 7.Nbc3 O-O 8.h3 Re8
9.Be3 Bf8 10.a4 a5 11.Qd2 Qc7 12.Rad1 Nb6 13.b3 Bd7 14.f4 Rad8 15.Qe1 exd4
16.Bxd4 Bc8 17.Bxf6 gxf6 18.g4 Bg7 19.Ng3 d5 20.Nh5 Bh8 21.Qh4 Qe7 22.Rd3 f5
23.Qxe7 Rxe7 24.exf5 Nd7 25.Rfd1 Rde8 26.Kf1 b6 27.Kf2 Ba6 28.Rg3 d4 29.g5 dxc3
30.Nf6+ Nxf6 31.gxf6+ Kf8 32.fxe7+  1-0

[Event "JUG-chT (Women)"]
[Site "Tivat"]
[Date "1995.??.??"]
[Round "4"]
[White "Maric, Mirjana"]
[Black "Gaprindashvili, Nona"]
[Result "1/2-1/2"]
[WhiteElo "2210"]
[BlackElo "2390"]

1.e4 b6 2.d4 Bb7 3.Nc3 e6 4.Nf3 d6 5.Bd3 Nd7 6.O-O g6 7.Bg5 Ne7 8.Re1 Bg7
9.Qd2 h6 10.Be3 Kf8 11.Rad1 Kg8 12.h3 Kh7 13.Qe2 a6 14.a3 Rf8 15.Bf4 e5 16.dxe5 dxe5
17.Bg3 b5 18.Qd2 Bc8 19.Bf1 f6 20.Nd5 c6 21.Nxe7 Qxe7 22.Qd6 Qxd6 23.Rxd6 c5
24.Nd2 Rf7 25.Nb1 Bf8 26.Rd2 c4 27.f3 Nc5 28.Nc3 Be6 29.Red1 Rb7 30.Nd5 Kg7
31.Bh4 g5 32.Bf2 Na4 33.c3 Bxd5 34.exd5 f5 35.h4 Rd8 36.hxg5 hxg5 37.g3 Kf6
38.Bg2 Rbd7 39.f4 e4 40.fxg5+ Kxg5 41.Be3+ Kg4 42.Kf2 Rh7 43.Rd4 Rh2 44.Kg1 Rxg2+
45.Kxg2 Bd6 46.Rh1 Bxg3 47.Rh6 Rd6 48.Rh8 Rg6 49.d6 Bxd6  1/2-1/2

[Event "JUG-chT (Women)"]
[Site "Tivat"]
[Date "1995.??.??"]
[Round "5"]
[White "Gaprindashvili, Nona"]
[Black "Micic, Snezana"]
[Result "1-0"]
[WhiteElo "2390"]
[BlackElo "2215"]

1.g3 d5 2.Bg2 c6 3.f4 g6 4.Nf3 Bg7 5.e3 Nd7 6.O-O e5 7.fxe5 Nxe5 8.Nxe5 Bxe5
9.Nc3 Bg7 10.e4 d4 11.Ne2 h5 12.Nf4 Bg4 13.Qe1 Qd6 14.e5 Qe7 15.e6 Bxe6 16.Nxe6 Qxe6
17.Qxe6+ fxe6 18.Bh3 e5 19.d3 Nf6 20.Re1 Nd5 21.Bf4 Ne3 22.Bxe3 dxe3 23.Rxe3 O-O
24.Re4 Rad8 25.Rae1 Rd6 26.a4 c5 27.b4 cxb4 28.Rxb4 b6 29.Rc4 Bf6 30.Ree4 Kg7
31.Rc7+ Rf7 32.Rec4 Bd8 33.Rxf7+ Kxf7 34.Kf2 Rd4 35.Rxd4 exd4 36.Kf3 Be7
37.Ke4 Bc5 38.Bc8 Kf6 39.Ba6 Ke6 40.h3 Kf6 41.Kd5 Kg5 42.a5 h4 43.gxh4+ Kxh4
44.Bc8 Kg3 45.a6 g5 46.Bd7 Kf4 47.Bb5 Kg3 48.Kc6 Kxh3 49.Kb7 g4 50.Kxa7 g3
51.Bc6 g2 52.Bxg2+ Kxg2 53.Kb7 b5 54.a7 Bxa7 55.Kxa7  1-0

[Event "JUG-chT (Women)"]
[Site "Tivat"]
[Date "1995.??.??"]
[Round "6"]
[White "Zivkovic, Branimir"]
[Black "Gaprindashvili, Nona"]
[Result "0-1"]
[WhiteElo "2230"]
[BlackElo "2390"]

1.Nf3 g6 2.e4 Bg7 3.d4 c6 4.Bd3 d5 5.e5 Nh6 6.h3 O-O 7.c3 f6 8.O-O Nf7 9.Bf4 fxe5
10.Nxe5 Nxe5 11.Bxe5 Bxe5 12.dxe5 Qb6 13.Qb3 Nd7 14.Qxb6 axb6 15.Re1 Nc5
16.Bc2 Bf5 17.Bxf5 Rxf5 18.a3 Raf8 19.f3 Nd3 20.Re2 Rxe5 21.Rxe5 Nxe5 22.Nd2 Nd3
23.b4 e5 24.c4 Re8 25.Rd1 e4 26.fxe4 Nb2 27.Rb1 Nxc4 28.Nxc4 dxc4 29.Re1 b5
30.Kf2 Kf7 31.Kf3 Rd8 32.Re3 Rd2 33.g4 Rb2 34.h4 Rb3 35.h5 Ke6 36.Ke2 Ke5  0-1

[Event "JUG-chT (Women)"]
[Site "Tivat"]
[Date "1995.??.??"]
[Round "7"]
[White "Gaprindashvili, Nona"]
[Black "Nikolin, Zorica"]
[Result "1-0"]
[WhiteElo "2390"]
[BlackElo "2235"]

1.g3 e5 2.Bg2 Nc6 3.c3 g6 4.d4 Bg7 5.dxe5 Nxe5 6.f4 Nc6 7.e4 d6 8.Nf3 Nf6
9.Nbd2 O-O 10.O-O d5 11.e5 Ng4 12.Nb3 Nh6 13.h3 Nf5 14.g4 Ng3 15.Re1 Ne4
16.Be3 Ne7 17.Nc5 Nxc5 18.Bxc5 Re8 19.Nd4 Nc6 20.Qf3 Nxd4 21.cxd4 c6 22.f5 gxf5
23.gxf5 Qg5 24.Rf1 Bh6 25.Rae1 Kh8 26.Rf2 b6 27.Bb4 Qh4 28.Rd1 a5 29.Be1 Rg8
30.Rc2 Qf4 31.Qxf4 Bxf4 32.Bh4 Bg5 33.Bg3 Be3+ 34.Kh2 Bb7 35.Bf3 Kg7 36.Bh4 Kf8
37.Rg2 Rxg2+ 38.Kxg2 Ke8 39.Bh5 Kf8 40.Kf3 Bh6 41.e6 c5 42.Bxf7 cxd4 43.Bh5 Bc6
44.f6 Be3 45.e7+  1-0

[Event "JUG-chT (Women)"]
[Site "Tivat"]
[Date "1995.??.??"]
[Round "8"]
[White "Paramentic, Mila"]
[Black "Gaprindashvili, Nona"]
[Result "0-1"]
[WhiteElo "2095"]
[BlackElo "2390"]

1.e4 g6 2.d4 Bg7 3.Nc3 c6 4.Nf3 d5 5.h3 Nh6 6.Be2 O-O 7.O-O f6 8.Re1 Nf7
9.Be3 e6 10.Qd2 Nd7 11.Rad1 Re8 12.Nh2 Nb6 13.b3 dxe4 14.Nxe4 Nd5 15.c4 Nxe3
16.Qxe3 f5 17.Nc3 Qa5 18.Nf3 c5 19.Bf1 Rd8 20.Na4 cxd4 21.Qd2 Qxd2 22.Rxd2 e5
23.Red1 Bd7 24.Nc5 Bc6 25.Ne6 Rd7 26.Nxg7 Kxg7 27.Be2 Rad8 28.a3 d3 29.Bf1 e4
30.Ne1 Ne5 31.g3 g5 32.Kh2 f4 33.gxf4 gxf4 34.Bg2 Kf6 35.Ra1 e3 36.fxe3 fxe3
37.Rdd1 d2 38.Nc2 e2 39.Bxc6 exd1=Q  0-1

[Event "JUG-chT (Women)"]
[Site "Tivat"]
[Date "1995.??.??"]
[Round "10"]
[White "Vuksanovic, Sanja"]
[Black "Gaprindashvili, Nona"]
[Result "1/2-1/2"]
[WhiteElo "2320"]
[BlackElo "2390"]

1.e4 g6 2.d4 Bg7 3.Nc3 d6 4.Nf3 a6 5.a4 b6 6.Bc4 e6 7.O-O Ne7 8.Re1 O-O 9.Bf1 Bb7
10.Bf4 h6 11.h4 Nd7 12.Qd2 Kh7 13.Rad1 Nf6 14.Bd3 Nh5 15.g4 Nxf4 16.Qxf4 Nc6
17.e5 Nb4 18.Ne4 Nxd3 19.Rxd3 f5 20.gxf5 Rxf5 21.Qg4 Bxe4 22.Rxe4 d5 23.Rf4 Rxf4
24.Qxf4 Qd7 25.b3 Rf8 26.Qg4 Rf5 27.Ne1 c5 28.c3 c4 29.bxc4 dxc4 30.Rg3 Qf7
31.Rf3 Qe8 32.Rg3 Bf8 33.Ng2 Qf7 34.Qe2 b5 35.axb5 axb5 36.Qb2 Qe8 37.Qb1 h5
38.Ne3 Rf4 39.Ng2 Rf5 40.Ne3 Rf4 41.Ng2  1/2-1/2

[Event "JUG-chT (Women)"]
[Site "Tivat"]
[Date "1995.??.??"]
[Round "11"]
[White "Gaprindashvili, Nona"]
[Black "Kostic, Milutin B"]
[Result "1-0"]
[WhiteElo "2390"]
[BlackElo "2315"]

1.g3 Nf6 2.Bg2 d6 3.d4 c6 4.e4 Qc7 5.Ne2 e5 6.Nbc3 Be7 7.h3 Nbd7 8.O-O O-O
9.f4 h6 10.Be3 b6 11.Qd2 Ba6 12.Rfe1 Rfe8 13.Rad1 Rad8 14.Bf2 Nf8 15.Qc1 Ng6
16.Bf3 Bxe2 17.Nxe2 b5 18.f5 Nf8 19.c4 b4 20.dxe5 dxe5 21.c5 N8d7 22.Qc4 Qa5
23.Rc1 Rb8 24.g4 Rb5 25.h4 Nh7 26.Red1 Nhf8 27.Kg2 Bxc5 28.g5 Bxf2 29.g6 Re7
30.gxf7+ Kh7 31.Kxf2 Qb6+ 32.Kg2 Rc5 33.Qb3 Rxc1 34.Rxc1 c5 35.Ng3 Qf6 36.Bh5 g6
37.fxg6+ Nxg6 38.Bxg6+ Qxg6 39.Rf1 Kg7 40.Qd5 Nf6 41.Rxf6 Qxf6 42.Nh5+  1-0

[Event "Belgrade Yugometal (Women)"]
[Site "Belgrade"]
[Date "1996.??.??"]
[Round "2"]
[White "Gaponenko, Inna"]
[Black "Gaprindashvili, Nona"]
[Result "0-1"]
[WhiteElo "2340"]
[BlackElo "2385"]

1.e4 g6 2.d4 Bg7 3.Nf3 d6 4.Be2 b6 5.c4 Bb7 6.Nc3 Nf6 7.Qc2 c5 8.e5 dxe5
9.dxe5 Ng4 10.Bf4 Nc6 11.Qe4 Qc8 12.Nd5 e6 13.h3 Nb4 14.Rd1 exd5 15.cxd5 O-O
16.hxg4 Nxd5 17.Rxd5 Qc6 18.Bc4 b5 19.Qe3 bxc4 20.Rxc5 Qd7 21.Bg3 c3 22.Rxc3 Ba6
23.Nd2 Rac8 24.f3 Rxc3 25.bxc3 Rd8 26.Bf4 Qa4 27.Kf2 Qxa2 28.Kg3 Bb7 29.Ne4 Bxe4
30.Qxe4 a5 31.c4 Qa4 32.e6 Qe8 33.e7 Rd7 34.Re1 Bf6 35.Qc6 Bxe7 36.Qb5 Bh4+
37.Kxh4 Qxe1+ 38.Kh3 Rd8 39.Bc7 Ra8 40.Qd5 Rc8 41.Be5 Qh1+ 42.Kg3 Qe1+ 43.Kh3 Re8
44.Bb2 Qe6 45.Qxa5 h5 46.Qc3 hxg4+ 47.Kh2 Qd6+ 48.Kh1 f6 49.fxg4 Qf4 50.Kg1 Rd8
51.Qb3 Rd2 52.c5+ Kf8  0-1

[Event "Belgrade Yugometal (Women)"]
[Site "Belgrade"]
[Date "1996.??.??"]
[Round "5"]
[White "Ioseliani, Nana"]
[Black "Gaprindashvili, Nona"]
[Result "1-0"]
[WhiteElo "2500"]
[BlackElo "2385"]

1.d4 g6 2.c4 Bg7 3.Nc3 d6 4.e4 Nd7 5.Be2 e5 6.Nf3 c6 7.O-O f6 8.d5 c5 9.Nb5 Bf8
10.a3 a6 11.Nc3 Nh6 12.b4 Nf7 13.Ne1 Be7 14.Nd3 O-O 15.Rb1 Qc7 16.bxc5 dxc5
17.Bg4 Nd6 18.Bh6 Rd8 19.Qe2 Kh8 20.Be6 Qa5 21.Rfc1 Nf8 22.Bxc8 Raxc8 23.Bd2 Qc7
24.Na4 Nd7 25.Qe1 b6 26.f4 Qa7 27.Nab2 b5 28.Qe3 bxc4 29.fxe5 cxd3 30.exd6 Bxd6
31.Nxd3 Re8 32.Kh1 Bb8 33.Qf3 a5 34.Bc3 Qa6 35.Rd1 c4 36.Nf2 Ne5 37.Qh3 Rc7
38.Qh4 Rf7 39.a4 Qd6 40.Bxa5 Nd3 41.Nxd3 cxd3 42.Bc3 Qa6 43.Rf1 Be5 44.Bxe5 Rxe5
45.Rb4 d2 46.Qf2 f5 47.Rd1 Qf6 48.Rb6 Qe7 49.Qd4 Kg8 50.d6 Qe8 51.Qxd2 Rxe4
52.h3 Qe6 53.Rb8+ Kg7 54.d7 Re2 55.Qd4+  1-0

[Event "Belgrade Yugometal (Women)"]
[Site "Belgrade"]
[Date "1996.??.??"]
[Round "8"]
[White "Gaprindashvili, Nona"]
[Black "Skripchenko, Almira"]
[Result "0-1"]
[WhiteElo "2385"]
[BlackElo "2370"]

1.d4 d5 2.Nf3 e6 3.g3 Nf6 4.Bg2 Be7 5.O-O O-O 6.Nbd2 b6 7.c4 Bb7 8.Ne5 c5
9.dxc5 Bxc5 10.Nd3 Be7 11.Nf4 Nbd7 12.cxd5 exd5 13.Nf3 Nc5 14.Nd4 Re8 15.b3 Bf8
16.Bb2 Nfe4 17.Rc1 h6 18.Qc2 a6 19.Rfd1 Rc8 20.Qb1 b5 21.Nf5 Qb6 22.Bd4 b4
23.Ne3 Red8 24.Nexd5 Bxd5 25.Nxd5 Qe6 26.Nf4 Qe8 27.Bxc5 Rxd1+ 28.Rxd1 Nc3
29.Qd3 Nxd1 30.Bd4 Nc3 31.Bb7 Rd8 32.Bxa6 Bc5 33.e3 Bxd4 34.exd4 Qe4 35.Qxe4 Nxe4
36.d5 Nc3 37.Bc4 Nxa2 38.Nd3 Kf8 39.Ne5 Rd6 40.Nc6 Ke8 41.f4 Kd7 42.Kf2 Nc3
43.Nxb4 Rb6 44.Nc6 Kd6 45.Nd8 f6 46.Nf7+ Ke7 47.d6+ Kd7 48.f5 Ne4+ 49.Kf3 Nxd6
50.Nxd6 Rxd6 51.Kg4 Rd2 52.h3 Rh2 53.Kh4 Ke7 54.g4 Rh1 55.Bd5 Rh2 56.Bc4 Kd6
57.Bf7 Rh1 58.Be8 Re1 59.Bf7 Re3 60.Bc4 Ke5 61.Bf7 h5 62.b4 hxg4 63.hxg4 Kf4
64.b5 Rg3 65.b6 Rxg4+ 66.Kh3 Kxf5 67.Bd5 Rb4 68.b7 Kf4 69.Kh4 Ke5+  0-1

[Event "Belgrade Yugometal (Women)"]
[Site "Belgrade"]
[Date "1996.??.??"]
[Round "9"]
[White "Galliamova, Alisa"]
[Black "Gaprindashvili, Nona"]
[Result "1-0"]
[WhiteElo "2475"]
[BlackElo "2385"]

1.d4 g6 2.c4 Bg7 3.Nc3 d6 4.e4 Nd7 5.f3 e5 6.Be3 f5 7.exf5 gxf5 8.dxe5 dxe5
9.Qd2 Ngf6 10.O-O-O O-O 11.Bd3 Nb6 12.Nh3 Be6 13.Ng5 Qe7 14.Bc5 Qxc5 15.Nxe6 Qe7
16.Nxf8 Qxf8 17.Qe2 e4 18.fxe4 Ng4 19.exf5 Ne3 20.Rd2 Re8 21.Ne4 Bh6 22.g4 Rxe4
23.Bxe4 Kh8 24.g5 Bxg5 25.Rg1 Bh6 26.Qd3 Nexc4 27.Qc3+ Qg7 28.Qxg7+  1-0

[Event "Belgrade Yugometal (Women)"]
[Site "Belgrade"]
[Date "1996.??.??"]
[Round "10"]
[White "Gaprindashvili, Nona"]
[Black "Bojkovic, Natasa"]
[Result "0-1"]
[WhiteElo "2385"]
[BlackElo "2405"]

1.g3 d5 2.Bg2 Nf6 3.Nf3 e6 4.O-O Be7 5.c4 O-O 6.b3 b6 7.Bb2 Bb7 8.Ne5 c5
9.d4 Nc6 10.dxc5 bxc5 11.Nxc6 Bxc6 12.cxd5 exd5 13.Nd2 Rc8 14.Rc1 Qa5 15.Rc2 Rfd8
16.Qc1 d4 17.Bxc6 Rxc6 18.Rc4 Re6 19.Re1 Re8 20.Ra4 Qb6 21.Qc4 Nd7 22.Qc2 Bf6
23.Nc4 Qb7 24.Ra5 d3 25.Qd1 Rxe2 26.Rxe2 dxe2 27.Qe1 Qb4  0-1

[Event "JUG-ch (Women) 2"]
[Site "Vrnjacka Banja"]
[Date "1996.??.??"]
[Round "?"]
[White "Gaprindashvili, Nona"]
[Black "Zivkovic, Vesna"]
[Result "0-1"]
[WhiteElo "2380"]
[BlackElo "2165"]

1.d4 Nf6 2.c4 e6 3.Nc3 Bb4 4.e3 O-O 5.Ne2 d5 6.a3 Be7 7.cxd5 exd5 8.Nf4 c6
9.Bd3 Re8 10.O-O Nbd7 11.b4 a6 12.Rb1 Nf8 13.h3 Bd6 14.Qc2 Ng6 15.Nfe2 Bd7
16.f3 Nh5 17.Bd2 Bxh3 18.Bxg6 hxg6 19.gxh3 Qg5+ 20.Kh1 Qh4 21.Ng1 Ng3+ 22.Kg2 Nf5
23.Rfe1 Qg3+ 24.Kf1 Qh2 25.Nce2 Bg3  0-1

[Event "JUG-ch (Women) 2"]
[Site "Vrnjacka Banja"]
[Date "1996.??.??"]
[Round "?"]
[White "Micic, Snezana"]
[Black "Gaprindashvili, Nona"]
[Result "1/2-1/2"]
[WhiteElo "2180"]
[BlackElo "2380"]

1.e4 g6 2.d4 Bg7 3.Nf3 d6 4.Nc3 Nd7 5.Be2 e6 6.O-O a6 7.a4 b6 8.Bg5 Ne7 9.Qd2 h6
10.Be3 Bb7 11.Ne1 Nf6 12.f3 d5 13.e5 Nd7 14.Nd1 c5 15.c3 Qc7 16.Bd3 Nc6 17.b4 Ne7
18.g4 h5 19.h3 hxg4 20.hxg4 f6 21.exf6 Bxf6 22.f4 O-O-O 23.g5 Bg7 24.bxc5 bxc5
25.Nf3 Rh5 26.Nf2 Rdh8 27.Kg2 e5 28.fxe5 Bxe5 29.dxe5 Nxe5 30.Bf4 Nxf3 31.Kxf3 Rf8
32.Ng4 Rxg5 33.Ke2 Rxg4 34.Bxc7 Rg2+ 35.Ke1 Rxf1+ 36.Bxf1 Rxd2 37.Kxd2 Kxc7
38.Re1 Kd6 39.Bh3 Nf5 40.Rb1 Kc7 41.Bxf5 gxf5 42.a5 Bc6 43.Rf1 Bd7 44.Ke3 Kd6
45.Re1 Bb5 46.Kf4 d4 47.cxd4 cxd4 48.Kxf5 Kd5 49.Kf4 Kc4 50.Kf3 Kb4 51.Rd1 d3
52.Ke3 Kxa5  1/2-1/2

[Event "JUG-ch (Women) 2"]
[Site "Vrnjacka Banja"]
[Date "1996.??.??"]
[Round "?"]
[White "Paramentic, Mila"]
[Black "Gaprindashvili, Nona"]
[Result "1/2-1/2"]
[WhiteElo "2080"]
[BlackElo "2380"]

1.c4 e5 2.Nc3 Nc6 3.g3 d6 4.Bg2 g6 5.e3 Bg7 6.Nge2 Be6 7.Nd5 Qd7 8.Qa4 f5
9.d3 Nf6 10.Nec3 O-O 11.O-O Qf7 12.Bd2 Nd8 13.b4 e4 14.d4 Nxd5 15.cxd5 Bxd5
16.Nxd5 Qxd5 17.b5 a6 18.Rfb1 Qf7 19.Bc3 Ne6 20.Qc2 axb5 21.Rxb5 b6 22.a4 Qd7
23.Qb3 Ra7 24.a5 bxa5 25.Raxa5 Rxa5 26.Rxa5 Kh8 27.Ra7 d5 28.Qb7 Rc8 29.Bf1 Nd8
30.Qa6 Qe6 31.Ba5 Bf8 32.Bxc7 Qxa6 33.Bxa6 Nc6 34.Be5+ Kg8 35.Bxc8  1/2-1/2

[Event "JUG-ch (Women) 2"]
[Site "Vrnjacka Banja"]
[Date "1996.??.??"]
[Round "?"]
[White "Vuksanovic, Sanja"]
[Black "Gaprindashvili, Nona"]
[Result "0-1"]
[WhiteElo "2285"]
[BlackElo "2380"]

1.d4 d5 2.Nf3 Nf6 3.c3 Bf5 4.Bf4 e6 5.e3 Be7 6.h3 h6 7.Qb3 Qc8 8.Nbd2 O-O
9.g4 Bg6 10.Ne5 Bh7 11.g5 hxg5 12.Bxg5 Nbd7 13.Rg1 Kh8 14.Qd1 c5 15.Bb5 Bd6
16.Nxd7 Nxd7 17.Qh5 f6 18.Bd3 f5 19.Nf3 c4 20.Bc2 Qe8 21.Qh4 Nf6 22.Bf4 Bxf4
23.Qxf4 Qe7 24.Qh4 Ng8 25.Ng5 Nh6 26.Qf4 b5 27.Qe5 Rf6 28.a3 Nf7 29.Qf4 Nxg5
30.Rxg5 Rg6 31.h4 Rxg5 32.hxg5 Bg6 33.Kd2 Kg8 34.Rh1 a5 35.f3 b4 36.Ra1 b3
37.Bd1 Bh5 38.Be2 g6 39.Rh1 Rd8 40.Ke1 Qd6 41.Qxd6 Rxd6 42.Kf2 Rd8 43.Kg3 Kf7
44.Kf4 Ke7 45.Ke5 Rf8 46.Rh4 Rf7 47.Rf4 Rf8 48.Bf1 Rd8 49.Bg2 a4 50.e4 Ra8
51.Rh4 dxe4 52.fxe4 Ra5+ 53.Kf4 fxe4 54.Bxe4 e5+ 55.dxe5 Ke6 56.Rh2 Rxe5
57.Rd2 Rc5 58.Rd8 Rc7 59.Ra8 Rd7 60.Ke3 Rd1 61.Rxa4 Re1+ 62.Kd4 Re2 63.Bd5+  0-1

[Event "JUG-ch (Women) 3"]
[Site "Vrnjacka Banja"]
[Date "1996.??.??"]
[Round "?"]
[White "Gaprindashvili, Nona"]
[Black "Benderac, Ana"]
[Result "1-0"]
[WhiteElo "2380"]
[BlackElo "2125"]

1.d4 d5 2.Nf3 c6 3.g3 g6 4.Bg2 Bg7 5.O-O Nd7 6.Nbd2 Ngf6 7.Re1 O-O 8.e4 Nxe4
9.Nxe4 dxe4 10.Rxe4 Nf6 11.Re1 Bg4 12.c3 e6 13.Qb3 Bxf3 14.Bxf3 Qd7 15.Bg5  1-0

[Event "JUG-ch (Women) 2"]
[Site "Vrnjacka Banja"]
[Date "1996.??.??"]
[Round "?"]
[White "Gaprindashvili, Nona"]
[Black "Lazic, Marina"]
[Result "1-0"]
[WhiteElo "2380"]
[BlackElo "2230"]

1.b3 Nf6 2.Bb2 d5 3.e3 c5 4.d3 Nc6 5.Nd2 e6 6.g3 Be7 7.Bg2 b6 8.f4 Bb7 9.Nh3 Qc7
10.O-O h5 11.Nf2 O-O-O 12.Nf3 Ne8 13.Qe2 Bf6 14.c4 d4 15.e4 e5 16.Bc1 Kb8
17.a3 Ka8 18.Bd2 g6 19.b4 Bg7 20.bxc5 bxc5 21.Rab1 Nd6 22.Nh3 Rhe8 23.Qd1 Rb8
24.Qa4 Bc8 25.Rxb8+ Kxb8 26.Rb1+ Ka8 27.fxe5 Nxe5 28.Nf4 Bd7 29.Nd5 Qc6 30.Qxc6+  1-0

[Event "WchT 4th"]
[Site "Luzern"]
[Date "1997.10.28"]
[Round "4"]
[White "Gaprindashvili, Nona"]
[Black "Christiansen, Larry Mark"]
[Result "0-1"]
[WhiteElo "2355"]
[BlackElo "2550"]

1.d4 d6 2.Nf3 Bg4 3.g3 Nd7 4.Bg2 e5 5.dxe5 dxe5 6.O-O Ngf6 7.b3 Bc5 8.Bb2 Qe7
9.c4 O-O 10.Qc2 e4 11.Nd4 Rad8 12.h3 Bh5 13.Nf5 Qe6 14.Ne3 Qb6 15.Nc3 Bxe3
16.fxe3 Qxe3+ 17.Kh2 Bg6 18.Qc1 Qb6 19.Qf4 c6 20.Rad1 Nc5 21.Qe3 Ne6 22.Qxb6 axb6
23.g4 h5 24.Kg3 Rxd1 25.Rxd1 Ra8 26.Bc1 hxg4 27.hxg4 b5 28.cxb5 cxb5 29.b4 Rc8
30.Bb2 Rc4 31.a3 Nd4 32.Bf1 e3 33.Rc1 Nb3 34.Rd1 Rxg4+ 35.Kh2 Nd4 36.Bh3 Rf4
37.Bg2 Rh4+ 38.Kg3 Nf5+  0-1

[Event "Bled op18th"]
[Site "Bled"]
[Date "1997.??.??"]
[Round "1"]
[White "Ankerst, Milka"]
[Black "Gaprindashvili, Nona"]
[Result "0-1"]
[WhiteElo "2175"]
[BlackElo "2350"]

1.e4 g6 2.d4 c6 3.Nc3 d5 4.e5 h5 5.f4 Nh6 6.Nf3 Bg4 7.h3 Bxf3 8.Qxf3 Nf5
9.Be3 e6 10.O-O-O h4 11.Bd3 Nxe3 12.Qxe3 Nd7 13.Ne2 b5 14.Kb1 Nb6 15.Rhg1 Nc4
16.Qf2 Qa5 17.Nc1 Nxb2 18.Rdf1 Na4 19.Nb3 Qc3 20.Kc1 Bb4 21.Kd1 a6 22.Qd2 Qxd2+
23.Nxd2 Nc3+ 24.Ke1 Nxa2 25.Ke2 Nc3+ 26.Ke3 a5 27.Ra1 a4 28.Nf3 a3 29.Rgf1 a2
30.Nd2 Ba3 31.Nb3 Bb2 32.Rae1 Ke7  0-1

[Event "Bled op18th"]
[Site "Bled"]
[Date "1997.??.??"]
[Round "2"]
[White "Gaprindashvili, Nona"]
[Black "Stohl, Igor"]
[Result "1/2-1/2"]
[WhiteElo "2350"]
[BlackElo "2580"]

1.d4 Nf6 2.c4 e6 3.Nc3 Bb4 4.Nf3 c5 5.g3 O-O 6.Bg2 cxd4 7.Nxd4 d5 8.cxd5 Nxd5
9.Qb3 Qb6 10.Bxd5 exd5 11.Be3 Qa5 12.O-O Bxc3 13.Qxc3 Qxc3 14.bxc3 Nc6 15.Rfd1 Nxd4  1/2-1/2

[Event "Bled op18th"]
[Site "Bled"]
[Date "1997.??.??"]
[Round "3"]
[White "Gaprindashvili, Nona"]
[Black "Mikhalchishin, Adrian"]
[Result "1/2-1/2"]
[WhiteElo "2350"]
[BlackElo "2515"]

1.d4 d5 2.c4 dxc4 3.Nf3 e6 4.e3 c5 5.Bxc4 a6 6.Bb3 Nf6 7.O-O Nc6 8.Nc3 b5
9.Qe2 Bb7 10.Rd1 Na5 11.Bc2 Qb6 12.b3 Be7 13.Bb2 Rc8 14.Ne5 O-O 15.Rac1 Rfd8
16.dxc5 Bxc5 17.Rxd8+ Rxd8 18.Rd1 Be7 19.Rxd8+  1/2-1/2

[Event "Bled op18th"]
[Site "Bled"]
[Date "1997.??.??"]
[Round "5"]
[White "Gaprindashvili, Nona"]
[Black "Susnik, Matej"]
[Result "1-0"]
[WhiteElo "2350"]
[BlackElo "2235"]

1.d4 d5 2.c4 e6 3.Nc3 c5 4.cxd5 exd5 5.Nf3 Nc6 6.g3 Nf6 7.Bg2 Be7 8.O-O O-O
9.Bg5 cxd4 10.Nxd4 h6 11.Be3 Re8 12.Qa4 Na5 13.Nxd5 Nxd5 14.Bxd5 Bd7 15.Qd1 Bh3
16.Bg2 Bxg2 17.Kxg2 Bf6 18.Rc1 Nc4 19.Nf5 Nxe3+ 20.fxe3 Qxd1 21.Rfxd1 Rad8
22.Rd3 h5 23.Kf3 Bxb2 24.Rb1 Be5 25.Rxb7 Kf8 26.Rxa7 Ra8 27.Rdd7 Rxa7 28.Rxa7 g6
29.Nd4 Rc8 30.a4 Rc3 31.Ke4 Bf6 32.a5 Ra3 33.a6 Be7 34.Ra8+ Kg7 35.Kd5 Rxe3
36.Re8 Ra3 37.Rxe7 Rxa6 38.Rc7 Rf6 39.e4 Rf2 40.Rc2 Rf1 41.e5 g5 42.Ke4 g4
43.Nf5+ Kg6 44.Rc6+ Kg5 45.Rf6  1-0

[Event "Bled op18th"]
[Site "Bled"]
[Date "1997.??.??"]
[Round "6"]
[White "Delchev, Aleksander"]
[Black "Gaprindashvili, Nona"]
[Result "1/2-1/2"]
[WhiteElo "2515"]
[BlackElo "2350"]

1.e4 g6 2.d4 Bg7 3.Nc3 d6 4.Nf3 b6 5.Bc4 e6 6.Bg5 Ne7 7.Qd2 h6 8.Bh4 Bb7
9.d5 e5 10.Bb5+ Kf8 11.Bxe7+ Qxe7 12.h4 a6 13.Bd3 h5 14.Ng5 Nd7 15.g3 Nc5
16.f4 b5 17.O-O Kg8 18.f5 gxf5 19.exf5 f6 20.Nge4 b4 21.Nd1 Bxd5 22.Nxc5 dxc5
23.Qe2 Bh6 24.Nf2 Qf7 25.Be4 c6 26.Qf3 Bf8 27.Rad1 Rd8 28.b3 Rh7 29.Rd3 Rg7
30.Rfd1 Bxe4 31.Nxe4 Rd4 32.Rxd4 cxd4 33.Qxh5 Be7 34.Qxf7+ Kxf7 35.Kg2 Rg8
36.Kf3 a5 37.g4 a4 38.Rg1 Rh8 39.Kg3 c5 40.g5 c4 41.bxc4 fxg5 42.hxg5 Bxg5
43.Nxg5+ Kf6 44.Ne4+ Kxf5 45.Kf3 Rh2 46.Rg5+ Ke6 47.Rg6+ Ke7 48.Ra6 Rxc2
49.Rxa4 Rxc4 50.a3 Kd7 51.axb4 Kc6 52.Ke2 Kb5 53.Ra5+ Kxb4 54.Rxe5 Rc1 55.Kd3 Re1
56.Rh5 Rg1 57.Nd2 Rd1  1/2-1/2

[Event "Bled op18th"]
[Site "Bled"]
[Date "1997.??.??"]
[Round "7"]
[White "Gaprindashvili, Nona"]
[Black "Bukic, Enver"]
[Result "1-0"]
[WhiteElo "2350"]
[BlackElo "2435"]

1.d4 Nf6 2.c4 g6 3.Nc3 Bg7 4.g3 O-O 5.Bg2 d6 6.Nf3 c6 7.O-O Bf5 8.Ne1 e5
9.d5 cxd5 10.cxd5 Na6 11.e4 Bg4 12.f3 Bc8 13.Be3 Ne8 14.Nd3 f5 15.b4 f4 16.Bf2 Qg5
17.g4 h5 18.h3 Nac7 19.a4 Nf6 20.Qd2 Rf7 21.Rfc1 Nce8 22.b5 Bf8 23.a5 a6
24.Nb4 axb5 25.Bb6 Qh4 26.Nxb5 hxg4 27.hxg4 Nd7 28.Bf2 Qd8 29.Nd3 Ndf6 30.Bb6 Qe7
31.Nc7 Nxc7 32.Rxc7 Qe8 33.Rxf7 Qxf7 34.Bf1 Nd7 35.Bf2 Be7 36.Nb2 Bd8 37.Nc4 Qe7
38.Qb2 Bc7 39.Rc1 Qd8 40.Qb4 Kg7 41.Kg2 Nf6 42.Bb6 Ne8 43.Nxd6  1-0

[Event "Bled op18th"]
[Site "Bled"]
[Date "1997.??.??"]
[Round "8"]
[White "Kurajica, Bojan"]
[Black "Gaprindashvili, Nona"]
[Result "1-0"]
[WhiteElo "2545"]
[BlackElo "2350"]

1.d4 g6 2.Nf3 Bg7 3.g3 d5 4.Bg2 Nf6 5.c4 e6 6.O-O O-O 7.Qc2 Na6 8.a3 c5 9.dxc5 Ne4
10.Be3 Qe7 11.Rc1 Bd7 12.cxd5 exd5 13.Nfd2 d4 14.Bxd4 Bxd4 15.Nxe4 Rac8 16.Nbc3 Nxc5
17.Nd5 Qe6 18.Qd1 f5 19.Qxd4 Nb3 20.Nef6+ Kg7 21.Nh5+ Kh6 22.Qg7+  1-0